| 000 | 00573nam a22001937a 4500 | ||
|---|---|---|---|
| 005 | 20251108164153.0 | ||
| 008 | 250721s1992 xx 000 0 ara d | ||
| 082 | 1 | 4 | _a342.562/محس |
| 100 | 1 | _aخليل، محسن | |
| 245 | 1 | 0 | _aالطائفيه والنظام الدستوري في لبنان / |
| 264 | 1 |
_aبيروت : _bالدار الجامعيه، _c1992. |
|
| 300 | _a455ص | ||
| 650 | 1 | 7 | _aالقانون الدستوري |
| 650 | 1 | 7 | _aلبنان |
| 650 | 1 | 7 | _aالدستور |
| 650 | 1 | 7 | _aالتاريخ السياسي |
| 942 |
_2ddc _cBK |
||
| 999 |
_c5418 _d5418 |
||